000 02224cam a22002054a 4500
005 20250605163527.0
008 250528s ||||||||||||||||||||||||d
035 _a21112
020 _a9789603752653
040 _aGR-AtMCL
_bgre
_dGR-AtMCL
_eAACR2
245 1 _aΒία στο Σχολείο / Έρευνες και Πολιτικές στην Ευρώπη
250 _a
260 _bΜεταίχμιο,
_c2001
300 _a194
520 _aΤο βιβλίο εξετάζει τις διαδικασίες της κοινωνικής αναγνώρισης του φαινομένου της σχολικής βίας στο πλαίσιο των θεσμών της Ευρωπαϊκής Ένωσης. Εισαγωγή, Η Οριοθέτηση του Προβλήματος στο Πλαίσιο της Ευρωπαϊκής Ένωσης, Η Εκπαιδευτική Πολιτική στο Πλαίσιο της Ευρωπαϊκής Ενοποίησης: Γενικά, Η Διάσκεψη της Ουτρέχτης για την Ασφάλεια στο Σχολέιο και η Αφετηρία της Ευρωπαϊκής Πρωτοβουλίας, Η ''Κατασκευή'' του Προβλήματος - Έννοια και Μορφές και Χαρακτηριστικά, Οι Επόμενες Ευρωπαϊκές Πρωτοβουλίες, Η Σχολική Βία στα Κράτη Μέλη της Ευρωπαϊκής Ένωσης: Ερευνητικά Δεδομένα και Πολιτικές Αντιμετώπισης, Σουηδία, Ολλανδία, Γερμανία, Δανία, Ηνωμένο Βασίλειο, Ελλάδα, Ισπανία, Γαλλία, Φινλανδία, Βέλγιο, Αυστρία, Ιρλανδία, Άλλες Ευρωπαϊκές Χώρες (Ιταλία, Λουξεμβούργο, Πορτογαλία), Συγκριτικές Παρατηρήσεις και Προτάσεις, Οι Έρευνες (Συγ)Κριτικές Παρατηρήσεις, Οι Πολιτικές: Κριτική και Προτάσεις, Επίλογος, Βιβλιογραφία.
700 1 _aΑρτινοπούλου Βάσω
942 _cBK
999 _c6181
_d6181